000 00684nam a22001815i 4500
001 153433
003 ES-MaACL
005 20231226145007.0
008 040806s1834 sp |||| | spa d
040 _aCAM
_bspa
_cCAM
100 1 _aLarra, Mariano José de,
_d1809-1837
_970287
245 1 3 _aUn desafio
_b: drama en tres actos y en prosa /
_carreglada al teatro español por Ramon de Arriala.
260 _aMadrid :
_b[s.n.],
_c1834 (
_fImprenta de Repulles)
300 _a66 p. ;
_c15 cm.
594 _aRamón de Arriala es seudónimo de Mariano José de Larra.
852 _aES-MaACL
_jR-1778(3)
_z-- Enc. piel
_z-- Enc. en un vol. facticio
999 _c153433
_d153433